| 000 | 00896cam a22002651 4500 | ||
|---|---|---|---|
| 001 | 11651 | ||
| 003 | BD-RjUL | ||
| 005 | 20211208235147.0 | ||
| 008 | 140127s1955 nyua 001 0 eng | ||
| 035 | _a(BD-RjUL)11700 | ||
| 040 |
_aDLC _cDLC _dICU _dDLC _dBD-RjUL _beng |
||
| 041 | _aeng | ||
| 082 | 0 | 0 |
_a574 _bWON 1955 |
| 100 | 1 |
_aWorth, C. Brooke _q(Charles Brooke), _d1908- _936028 |
|
| 245 | 1 | 4 |
_aThe nature of living things / _cby C. Brooke Worth & Robert K. Enders. Illustrated by Robert Barrell. |
| 260 |
_a[New York] : _bNew American Library, _cc1955. |
||
| 300 |
_avii, 198 p. : _billus. ; _c18 cm. |
||
| 490 | 0 | _aSignet key books, Ks326 | |
| 504 | _aIncludes bibliographical references and index. | ||
| 650 | 0 |
_aBiology. _936029 |
|
| 700 | 1 |
_aEnders, Robert K. _q(Robert Kendall), _d1899-1988, _ejoint author. _936030 |
|
| 942 |
_2ddc _cBK |
||
| 999 |
_c11651 _d11651 |
||